02087nam a2200301 a 450000100100000000500170001000800410002704000250006808200180009310000370011124500800014826000340022830000300026249000990029250002050039150000630059650001710065959000260083060000500085665000410090683001030094795201580105095201310120895201910133995201160153095201220164699900170176800001895320240229073920.0100521s1992 dr c 000 0 spa d aDO-SdBNPbspacBNPHU a928.61bM425c1 aMateo, Andrés L.,d 1946-977610aCamila Henríquez Ureña :bla virtud del anonimato /cAndrés L. Mateo. aSanto Domingo :bUASD,c1992. a23 p. :bretrs. ;c21 cm.1 aPublicaciones de la Universidad Autónoma de Santo Domingo ;aLiteratura y Sociedad ;vv. 701 aConferencia leída en el Museo de Historia y Geografía en el año 1985, con motivo de la puesta en circulación de los libros de Camila Henríquez Ureña. Invitación a la lectura y Feminismo. aIncluye datos biográficos del autor en la contracubierta aEdición de la comisión Permanente de la Feria Nacional del Libro y de la Universidad Autónoma de Santo Domingo, con motivo de la Feria Iberoamericana del libro. aInventariado, 2019/VM14aHENRÍQUEZ UREÑA, CAMILA,d1894-197392536 4aHenríquez ureña (familia)940787 0aPublicaciones de la Universidad Autónoma de Santo Domingo ;pLiteratura y Sociedad ;n701940788 001054708DSaGRbBNPHUcHDd2010-05-21iLF1l1o928.61 M425cp18953-30q2022-05-31r2022-05-31s2022-05-31te. 3w2020-06-25yLFDSZPréstamo en sala 001054708DSaGRbGRcHDd2010-05-21iLF1l0o928.61 M425cp18953-40r2020-06-25te. 4w2020-06-25yLFDSZPréstamo en sala 001054708DSaGRbGRcHDd2010-09-23iLF1l0o928.61 M425cp18953-50r2020-06-25te. 5w2020-06-25yLFDSzPerteneció a la biblioteca personal de Flia. Reyes DulucZPréstamo en sala 0010718PDaPDbPDcHDd2010-05-21iLF1l0o928.61 M425cp18953-10r2020-06-25w2020-06-25yLFPDZNo se presta 0010718PDaPDbPDcHDd2010-05-21iLF1l0o928.61 M425cp18953-20r2020-06-25te. 2w2020-06-25yLFPDZNo se presta c18471d18471